000 01217nam a2200313 a 4500
001 ebr10670732
003 CaPaEBR
006 m u
007 cr cn|||||||||
008 121016s2013 nyu sb 001 0 eng d
010 _z 2012951809
020 _z9783034307161 (alk. paper)
020 _z9783035304206 (e-book)
040 _aCaPaEBR
_cCaPaEBR
035 _a(OCoLC)847625037
050 1 4 _aHX806
_b.G37 2013eb
100 1 _aGardiner, Michael E.
245 1 0 _aWeak messianism
_h[electronic resource] :
_bessays in everyday utopianism /
_cMichael E. Gardiner.
260 _aNew York :
_bPeter Lang,
_c2013.
300 _ax, 274 p.
490 1 _aRalahine utopian studies,
_x1661-5875 ;
_vv. 11
504 _aIncludes bibliographical references and index.
533 _aElectronic reproduction.
_bPalo Alto, Calif. :
_cebrary,
_d2013.
_nAvailable via World Wide Web.
_nAccess may be limited to ebrary affiliated libraries.
650 0 _aUtopias.
655 7 _aElectronic books.
_2local
710 2 _aebrary, Inc.
830 0 _aRalahine utopian studies ;
_vv. 11.
856 4 0 _uhttp://site.ebrary.com/lib/rucke/Doc?id=10670732
_zAn electronic book accessible through the World Wide Web; click to view
999 _c61790
_d61790